000 00406nam a2200157Ia 4500
003 GCL
008 140319s9999 xx 000 0 ara d
040 _aGCL /
_cGCL
082 0 4 _a896
_bد ش
100 1 _aدار الاداب
245 1 0 _aالشعر الافريقى الاسيوى /
_cدار الاداب
300 _a320 ص
490 _a
650 0 4 _aالشعر الافريقى
942 _2ddc
_cBK
999 _c41010
_d41010